Capitals of Oceania with Map - Statistics

General Stats
  • This quiz has been taken 77 times
  • The average score is 10 of 14
Answers on the Map
Answers color-coded by a green-red scale on the quiz's map according to % correct below.
 
Answer Stats
Continent Capital % Correct
Oceania Canberra
100%
Oceania Wellington
95%
Oceania Port Moresby
81%
Oceania Apia
77%
Oceania Port Vila
77%
Oceania Nuku'alofa
74%
Oceania Suva
74%
Oceania Funafuti
72%
Oceania Honiara
72%
Oceania Yaren
68%
Oceania Ngerulmud
65%
Oceania Palikir
65%
Oceania Majuro
61%
Oceania Tarawa
58%
No matching quizzes found
Score Distribution
Percent of People with Each Score
Percentile by Number Answered
Your Score History
You have not taken this quiz